000 01054nam0a22002411 4500
001 rc\1090022
005 20260406203806.0
035 _a(NLR Aleph) 006380708
090 _a5078134
_c5078134
100 _a20041126d1983 |||y0rusy50 ca
101 0 _arus
102 _aRU
105 _ay |||||||||
200 1 _aОсновные характеристики зарубежных электронных вычислительных машин
_e(По состоянию на 1982 г.)
_fИн-т точ. механики и вычисл. техники им. С.А. Лебедева АН СССР
210 _aМ.
_cИТМиВТ
_d1983
215 _a28 с.
_d22
300 _aДоп. к сб. "Вычисл. техника за рубежом в 1982 г."
712 0 2 _aИнститут точной механики и вычислительной техники им. С. А. Лебедева
_cМосква
_3RU\NLR\AUTH\889964082
_9424383
801 0 _aRU
_bNLR
_gpsbo
801 1 _aRU
_bELAR
_2rusmarc
852 _aNLR
_j85-6/161
942 _cBOOK
980 _aNB